Catálogo de la Librería Armand Colin (Record no. 43799)

MARC details
000 -LEADER
campo de control de longitud fija 00589nam a2200193 i 4500
001 - NÚMERO DE CONTROL
campo de control 43799
003 - IDENTIFICADOR DE NÚMERO DE CONTROL
campo de control ES-MaACL
005 - FECHA Y HORA DE LA ÚLTIMA TRANSACCIÓN
campo de control 20250903084132.0
007 - CAMPO FIJO DE DESCRIPCIÓN FÍSICA--INFORMACIÓN GENERAL
campo de control de longitud fija t|
008 - DATOS DE LONGITUD FIJA--INFORMACIÓN GENERAL
campo de control de longitud fija 030318q19001920fr ||||1| spa d
110 0# - ENTRADA PRINCIPAL--NOMBRE DE ENTIDAD CORPORATIVA
Nombre de entidad corporativa o nombre de jurisdicción como elemento de entrada Librería Armand Colin.
9 (RLIN) 5508
245 10 - MENCIÓN DEL TÍTULO
Título Catálogo de la Librería Armand Colin
Resto del título : libros españoles.
260 ## - PUBLICACIÓN, DISTRIBUCIÓN, ETC.
Lugar de publicación, distribución, etc. Paris :
Nombre del editor, distribuidor, etc. Armand Colin,
Fecha de publicación, distribución, etc. [19--?]
300 ## - DESCRIPCIÓN FÍSICA
Extensión 16 p. :
Otras características físicas il. ;
Dimensiones 24 cm.
610 24 - PUNTO DE ACCESO ADICIONAL DE MATERIA--NOMBRE DE ENTIDAD CORPORATIVA
Nombre de entidad corporativa o nombre de jurisdicción como elemento de entrada Librairie Armand Colin-
Subdivisión de forma Catálogos.
9 (RLIN) 159025
650 #4 - PUNTO DE ACCESO ADICIONAL DE MATERIA--TÉRMINO DE MATERIA
Término de materia o nombre geográfico como elemento de entrada Catálogos de editores-
Subdivisión geográfica Francia
9 (RLIN) 12068
852 ## - LOCALIZACIÓN
Ubicación ES-MaACL
Número de control de estantería 1507-F-7
Holdings
Estatus retirado Estado de pérdida Estado de daño No para préstamo Colección Biblioteca de origen Biblioteca actual Ubicación en estantería Fecha de adquisición Fuente de adquisición Total de préstamos Signatura topográfica completa Código de barras Visto por última vez Precio de reemplazo Tipo de ítem Koha
        Colección de folletos Biblioteca del Ateneo de Madrid Biblioteca del Ateneo de Madrid Depósito folletos 17/01/2008     1507-F-7 1046103 23/02/2023 23/02/2023 Folleto